| 000 | 01356cam a2200289 4500 | ||
|---|---|---|---|
| 001 | ##L134181 | ||
| 008 | 060717n2006 000 0 eng u | ||
| 035 | _a(Sirsi) u134181 | ||
| 041 | 0 | _aeng | |
| 050 | 0 | 4 | _a711.4 $2 18 |
| 100 | 1 | _aEllis, Hugh | |
| 245 | 0 | 0 |
_aListen up! _bcommunity involvement in the planning system: seven case studies |
| 260 |
_aLondon _bFoE _c2006 |
||
| 520 | _aDemonstrates the positive contribution that local community voices can play in the planning process. Provides seven case studies that show that community groups are not always nimby protesters negatively opposed to any kind of development but can in many cases contribute to a better outcome for all concerned including the developers: Skelmersdale landfill, Calderdale, Bath Southgate, Dibden Bay, Hampshire, Saffron Walden, South Hams, Devon and Doe Lea, Derbyshire. | ||
| 590 | _aIKA180706 | ||
| 651 | 4 |
_aEngland _y886- |
|
| 690 | _aENVIRONMENTAL AND LAND CONSULTANCY-PLANNING AND DEVELOPMENT-DEVELOPMENT CONTROL | ||
| 700 | 1 | _aBeasley, David | |
| 700 | 1 | _aEscott, Delia | |
| 700 | 1 | _aTrafford, Tony | |
| 700 | 1 | _aMelia, Steve | |
| 700 | 1 | _aEllis, Del | |
| 700 | 1 | _aDale, Pat | |
| 700 | 1 | _aRae, Anthony | |
| 856 | 4 | 0 |
_uhttps://www.foe.co.uk/resource/local/planning/index.html _zView the case studies free of charge at www.foe.co.uk... |
| 942 | _n0 | ||
| 999 |
_c105586 _d105586 |
||